[Event "Titled Tue 20th May Early"]
[Site "chess.com INT"]
[Date "2025.05.20"]
[Round "11"]
[White "Ghimoyan, Narek"]
[Black "Krzywda, Andrzej"]
[Result "0-1"]
[WhiteTitle "CM"]
[BlackTitle "CM"]
[WhiteElo "2273"]
[BlackElo "2175"]
[WhiteFideId "13315412"]
[BlackFideId "1114565"]
[EventDate "2025.05.20"]

1. d4 Nf6 2. c4 e6 3. Nc3 d5 4. cxd5 exd5 5. Bg5 c6 6. e3 h6 7. Bh4 Be7 8. Bd3
O-O 9. Qc2 Re8 10. Nf3 Ne4 11. Bxe4 dxe4 12. Bxe7 Qxe7 13. Nd2 f5 14. O-O Be6
15. a3 Nd7 16. b4 Nf6 17. Na4 Rad8 18. Nc5 Bc8 19. Rac1 f4 20. exf4 Rxd4 21.
Rfe1 Bf5 22. Nf1 b6 23. Nb3 Rd6 24. Ng3 Bh7 25. Qb2 Qf7 26. Nd4 Nd5 27. Nxc6
Nxf4 28. Qc3 Nd3 0-1

[Event "Titled Tue 20th May Early"]
[Site "chess.com INT"]
[Date "2025.05.20"]
[Round "11"]
[White "Mohota, Nisha"]
[Black "Sarveshwaran V"]
[Result "0-1"]
[WhiteTitle "IM"]
[BlackTitle "CM"]
[WhiteElo "2161"]
[BlackElo "2290"]
[WhiteFideId "5004330"]
[BlackFideId "25699016"]
[EventDate "2025.05.20"]

1. Nf3 Nf6 2. g3 g6 3. Bg2 Bg7 4. O-O O-O 5. d4 d5 6. c4 c6 7. cxd5 cxd5 8. Nc3
Nc6 9. Ne5 Bf5 10. Bf4 Nh5 11. Nxc6 bxc6 12. Be3 Bd7 13. Na4 f5 14. Nc5 f4 15.
gxf4 Nxf4 16. Bxf4 Rxf4 17. e3 Rh4 18. Qf3 e5 19. dxe5 Bxe5 20. h3 Bf5 21. Rad1
Qg5 22. Kh1 Rf8 23. Rg1 Bg4 24. Qe2 Bxh3 0-1

[Event "Titled Tue 20th May Early"]
[Site "chess.com INT"]
[Date "2025.05.20"]
[Round "11"]
[White "Bernadskiy, Vitaliy"]
[Black "Tsydypov, Zhamsaran"]
[Result "1-0"]
[WhiteTitle "GM"]
[BlackTitle "GM"]
[WhiteElo "2523"]
[BlackElo "2514"]
[WhiteFideId "14100371"]
[BlackFideId "4108566"]
[EventDate "2025.05.20"]

1. e4 e5 2. Nf3 Nf6 3. d4 Nxe4 4. Bd3 d5 5. Nxe5 Bd6 6. O-O O-O 7. Nc3 Nxc3 8.
bxc3 Nd7 9. Nxd7 Bxd7 10. Qh5 f5 11. Re1 Rf7 12. a4 Qf8 13. a5 a6 14. Rb1 Rb8
15. c4 c6 16. Qf3 f4 17. cxd5 cxd5 18. Qxd5 Bc6 19. Qh5 g6 20. Qg5 f3 21. Bc4
fxg2 22. Qf6 Be8 23. Bh6 Bxh2+ 24. Kxg2 Bc6+ 25. f3 1-0

[Event "Titled Tue 20th May Early"]
[Site "chess.com INT"]
[Date "2025.05.20"]
[Round "11"]
[White "Anakok, Deniz"]
[Black "Lloret Ramis, Juan Jose"]
[Result "0-1"]
[WhiteTitle "CM"]
[BlackTitle "FM"]
[WhiteElo "2058"]
[BlackElo "2019"]
[WhiteFideId "51603586"]
[BlackFideId "2204053"]
[EventDate "2025.05.20"]

1. e4 c5 2. b4 b6 3. bxc5 bxc5 4. Nc3 e6 5. g3 Nf6 6. Bg2 d5 7. exd5 exd5 8.
Qe2+ Be7 9. Qb5+ Bd7 10. Qb3 Bc6 11. Nge2 Nbd7 12. d4 c4 13. Qb1 Rb8 14. Qxb8
Qxb8 15. Bf4 Qb2 16. O-O Qxc2 17. Rab1 O-O 18. Rfc1 Qg6 19. h4 Ne4 20. Nxe4 dxe4
21. Rxc4 Bd5 22. Rc7 Be6 23. d5 Bg4 24. Nc3 Bf6 25. Nxe4 Bd4 26. Rbb7 Nb6 27. d6
h6 28. d7 Nxd7 29. Rxd7 Bxd7 30. Rxd7 Bb6 31. Rd6 Qg4 32. Kh2 Re8 33. f3 Qc8 34.
Rd2 Rd8 35. Re2 Rd1 36. Bh3 Rh1+ 0-1

[Event "Titled Tue 20th May Early"]
[Site "chess.com INT"]
[Date "2025.05.20"]
[Round "11"]
[White "Lai, Duc Minh"]
[Black "Cernov, Henrik"]
[Result "1-0"]
[BlackTitle "FM"]
[WhiteElo "2072"]
[BlackElo "2325"]
[WhiteFideId "12420387"]
[BlackFideId "16258312"]
[EventDate "2025.05.20"]

1. e4 e6 2. d4 d5 3. Bd3 dxe4 4. Bxe4 Nf6 5. Bf3 c5 6. Ne2 Be7 7. O-O O-O 8.
dxc5 Qc7 9. a3 Bxc5 10. Bf4 e5 11. Bg3 Qe7 12. b4 Bb6 13. Re1 Rd8 14. Qc1 Nc6
15. c4 Bf5 16. c5 Bc7 17. Nbc3 Nd4 18. Nxd4 Rxd4 19. Bxb7 Rad8 20. Qg5 Qe6 21.
Nb5 Bb8 22. Nxd4 Rxd4 23. Rad1 Rxd1 24. Rxd1 h6 25. Qe3 Bc7 26. h3 Kh7 27. Re1
Nd7 28. Bc8 f6 29. Rd1 Qe8 30. Bxd7 Bxd7 31. Qd3+ Bf5 32. Qxf5+ 1-0

[Event "Titled Tue 20th May Early"]
[Site "chess.com INT"]
[Date "2025.05.20"]
[Round "11"]
[White "Aradhya, Garg"]
[Black "Gadzhiev, Ruslan"]
[Result "0-1"]
[WhiteTitle "IM"]
[BlackTitle "CM"]
[WhiteElo "2383"]
[BlackElo "2169"]
[WhiteFideId "25006746"]
[BlackFideId "55671926"]
[EventDate "2025.05.20"]

1. d4 d5 2. c4 e6 3. Nc3 Nf6 4. cxd5 exd5 5. Bg5 Be7 6. e3 c6 7. Bd3 Nbd7 8. Nf3
O-O 9. Qc2 Re8 10. h3 Nf8 11. Bf4 h6 12. O-O Bd6 13. Ne5 Qe7 14. Bh2 c5 15. Nb5
Bb8 16. f4 a6 17. Nc3 cxd4 18. exd4 Ne6 19. Ne2 Ba7 20. Kh1 Nxd4 21. Nxd4 Bxd4
22. Rae1 Qf8 23. g4 Bxe5 24. fxe5 Ne4 25. Bxe4 dxe4 26. Qxe4 Be6 27. Rd1 Qc5 28.
Rd6 Qb5 29. Rf2 Rad8 30. Rfd2 Qf1+ 31. Bg1 Qxh3+ 32. Bh2 Rxd6 33. exd6 Bd5 0-1

[Event "Titled Tue 20th May Early"]
[Site "chess.com INT"]
[Date "2025.05.20"]
[Round "11"]
[White "Villalba, Marcelo"]
[Black "Diachek, Andrii"]
[Result "0-1"]
[WhiteTitle "IM"]
[BlackTitle "CM"]
[WhiteElo "2233"]
[BlackElo "2226"]
[WhiteFideId "3701859"]
[BlackFideId "34106499"]
[EventDate "2025.05.20"]

1. e4 c6 2. Nf3 d5 3. Nc3 dxe4 4. Nxe4 Nf6 5. Qe2 Na6 6. d4 Bg4 7. c3 Qd5 8.
Nxf6+ gxf6 9. Qe3 Bxf3 10. gxf3 Nc7 11. c4 Qd7 12. Bd2 h5 13. O-O-O Bh6 14. f4
Ne6 15. d5 cxd5 16. cxd5 Qxd5 17. Kb1 Bxf4 18. Qe1 Rd8 0-1

[Event "Titled Tue 20th May Early"]
[Site "chess.com INT"]
[Date "2025.05.20"]
[Round "11"]
[White "Dicen, Elis Denele"]
[Black "Parfenov, Viktor N."]
[Result "0-1"]
[WhiteTitle "WFM"]
[BlackTitle "CM"]
[WhiteElo "2135"]
[BlackElo "2193"]
[WhiteFideId "462560"]
[BlackFideId "4165969"]
[EventDate "2025.05.20"]

1. e4 e5 2. Nf3 Nf6 3. Nxe5 d6 4. Nf3 Nxe4 5. Nc3 Nxc3 6. dxc3 Be7 7. Bd3 Nd7 8.
Be3 Nf6 9. Qd2 O-O 10. O-O-O c5 11. Kb1 Re8 12. Ng5 d5 13. h4 h6 14. f3 c4 15.
Be2 b5 16. Nh3 b4 17. Bd4 Rb8 18. g4 Qa5 19. g5 Nh5 20. gxh6 b3 21. cxb3 Bf5+
22. Kc1 Qxa2 23. h7+ Bxh7 0-1

[Event "Titled Tue 20th May Early"]
[Site "chess.com INT"]
[Date "2025.05.20"]
[Round "11"]
[White "Katishonok, Nikolaj"]
[Black "Le, Minh Tu"]
[Result "1-0"]
[WhiteTitle "FM"]
[BlackTitle "FM"]
[WhiteElo "2004"]
[BlackElo "1932"]
[WhiteFideId "11600225"]
[BlackFideId "12404888"]
[EventDate "2025.05.20"]

1. Nf3 d5 2. d4 Bf5 3. e3 e6 4. Bd3 Bg6 5. Bf1 Bd6 6. Bd3 Nf6 7. O-O Ne4 8. c4
c6 9. Nc3 Nd7 10. Qc2 Ndf6 11. Ne5 Nxc3 12. bxc3 dxc4 13. Nxc4 Bxh2+ 14. Kxh2
Ng4+ 15. Kg3 Qg5 16. f4 Qh5 17. Nd6+ Kd7 18. Ba3 Nxe3 19. Qb1 Qg4+ 20. Kf2 Qxf4+
21. Kg1 Nxf1 22. Qxb7+ Kd8 23. Qxa8+ Ke7 24. Qb7+ Kf6 25. Rxf1 Qxf1+ 26. Bxf1
Bd3 27. Bxd3 1-0

[Event "Titled Tue 20th May Early"]
[Site "chess.com INT"]
[Date "2025.05.20"]
[Round "11"]
[White "Badacsonyi, Stanley"]
[Black "Kozak, Antoni"]
[Result "0-1"]
[WhiteTitle "FM"]
[WhiteElo "2289"]
[BlackElo "2426"]
[WhiteFideId "486973"]
[BlackFideId "21832030"]
[EventDate "2025.05.20"]

1. d4 Nf6 2. c4 e6 3. Nc3 Bb4 4. e3 d6 5. Bd2 c5 6. a3 Ba5 7. Qa4+ Bd7 8. Qb3
cxd4 9. exd4 O-O 10. Qxb7 Nc6 11. Qb3 Rb8 12. Qa2 Nxd4 13. b4 Bb6 14. Bd3 Bc6
15. f3 e5 16. Nge2 e4 17. fxe4 Re8 18. Nxd4 Bxd4 19. O-O-O Nxe4 20. Nxe4 Bxe4
21. Bxe4 Rxe4 22. Qc2 d5 23. c5 Bxc5 24. bxc5 Rc4 25. Bc3 Qg5+ 26. Rd2 d4 27.
Bxd4 Rxc2+ 28. Kxc2 Qg6+ 29. Kc3 Qa6 30. Ra1 Qa4 31. Rd3 f6 32. Kd2 Qc4 33. Rc1
Qd5 34. c6 Qxg2+ 35. Kd1 Re8 36. Rd2 Qf3+ 37. Kc2 Qxc6+ 38. Kd1 Qa4+ 39. Rcc2
Qxa3 40. Ra2 Qf3+ 41. Kc1 Qb3 42. Rac2 Re1+ 43. Rd1 Qa3+ 44. Kd2 Re4 45. Bc3 h5
46. Ra1 Qd6+ 47. Kc1 Qf4+ 48. Bd2 Re1+ 49. Kb2 Qe5+ 50. Bc3 Qb5+ 51. Ka2 Qa4+ 0-1

[Event "Titled Tue 20th May Early"]
[Site "chess.com INT"]
[Date "2025.05.20"]
[Round "11"]
[White "Kilic, Eray"]
[Black "Ostensen, Nicolai Maxime"]
[Result "1-0"]
[WhiteTitle "IM"]
[BlackTitle "FM"]
[WhiteElo "2469"]
[BlackElo "2283"]
[WhiteFideId "44517173"]
[BlackFideId "1546970"]
[EventDate "2025.05.20"]

1. e4 e5 2. Nf3 Nc6 3. Nc3 Nf6 4. a4 Bc5 5. Nxe5 Nxe5 6. d4 Bd6 7. f4 Ng6 8. e5
Bb4 9. exf6 Bxc3+ 10. bxc3 Qxf6 11. Bd3 d6 12. O-O Bf5 13. Re1+ Kd7 14. Qf3 Bxd3
15. cxd3 c6 16. a5 Rae8 17. Bd2 a6 18. Reb1 Kc8 19. Rb6 Re7 20. Rab1 d5 21. Qg4+
Kb8 22. f5 h5 23. Qg3+ Ka8 24. fxg6 fxg6 25. Bg5 h4 26. Bxf6 hxg3 27. Bxe7 gxh2+
28. Kh1 g5 29. Bxg5 Re8 30. Rxb7 g6 31. Bf4 Rf8 32. Rb8+ Rxb8 33. Rxb8+ Ka7 34.
Rh8 g5 35. Bxg5 c5 36. dxc5 d4 37. cxd4 Kb7 38. Rh6 Ka7 39. Rb6 Ka8 40. Kxh2 Ka7
41. Be3 Ka8 42. g4 Ka7 43. g5 Ka8 44. g6 Ka7 45. g7 Ka8 46. d5 Ka7 47. d6 Ka8
48. d7 1-0

[Event "Titled Tue 20th May Early"]
[Site "chess.com INT"]
[Date "2025.05.20"]
[Round "11"]
[White "Sava, Robert-Gabriel"]
[Black "Lissillour, Baptiste"]
[Result "1-0"]
[WhiteTitle "CM"]
[WhiteElo "2155"]
[BlackElo "2318"]
[WhiteFideId "1265725"]
[BlackFideId "45179620"]
[EventDate "2025.05.20"]

1. e4 d6 2. d4 Nf6 3. Nc3 e5 4. Nf3 Nbd7 5. g3 g6 6. Bg2 Bg7 7. O-O O-O 8. h3
Re8 9. Be3 c6 10. Qd2 exd4 11. Nxd4 Nc5 12. f3 d5 13. Nxc6 bxc6 14. Bxc5 dxe4
15. Qxd8 Rxd8 16. fxe4 Nd7 17. Ba3 Ne5 18. Rad1 Ba6 19. Rxd8+ Rxd8 20. Rd1 Rxd1+
21. Nxd1 Be2 22. Nc3 Bf3 23. Bxf3 Nxf3+ 24. Kf2 Nd2 25. Ke3 Nc4+ 26. Kd3 Ne5+
27. Ke2 Nc4 28. Kd3 Ne5+ 29. Ke2 Nc4 30. Nd1 Nxa3 31. bxa3 Kf8 32. Kd3 Ke7 33.
Ne3 Be5 34. g4 Bd6 35. Nc4 1-0

[Event "Titled Tue 20th May Early"]
[Site "chess.com INT"]
[Date "2025.05.20"]
[Round "11"]
[White "Ndirangu, Nyaruai, Joyce"]
[Black "Kabamwanishi, Mashala"]
[Result "1-0"]
[WhiteTitle "WCM"]
[BlackTitle "FM"]
[WhiteElo "1933"]
[BlackElo "1940"]
[WhiteFideId "10802886"]
[BlackFideId "21400059"]
[EventDate "2025.05.20"]

1. d4 Nf6 2. Bf4 d5 3. e3 c5 4. c3 cxd4 5. exd4 Nc6 6. Nd2 Qb6 7. Qb3 Bf5 8.
Ngf3 h6 9. Bb5 e6 10. Ne5 Rc8 11. Ndf3 Be7 12. O-O O-O 13. Rfe1 Rfd8 14. Re3 Na5
15. Qa4 a6 16. Bd3 Bxd3 17. Nxd3 Nc4 18. Re2 Ne4 19. Nfe5 Bd6 20. Qb3 Bxe5 21.
Nxe5 Nxe5 22. Qxb6 Nc4 23. Qxb7 1-0

[Event "Titled Tue 20th May Early"]
[Site "chess.com INT"]
[Date "2025.05.20"]
[Round "11"]
[White "Hari, Madhavan N B"]
[Black "Tsolakidou, Stavroula"]
[Result "0-1"]
[WhiteTitle "IM"]
[BlackTitle "IM"]
[WhiteElo "2386"]
[BlackElo "2428"]
[WhiteFideId "25054309"]
[BlackFideId "4264312"]
[EventDate "2025.05.20"]

1. d4 Nf6 2. c4 g6 3. Nf3 Bg7 4. Nc3 O-O 5. e4 d6 6. Be2 e5 7. O-O h6 8. h3 exd4
9. Nxd4 Re8 10. f3 Nh5 11. Be3 Nc6 12. Re1 Nxd4 13. Bxd4 Bxd4+ 14. Qxd4 Qg5 15.
Kh1 Qh4 16. Bf1 Re5 17. Nd5 c6 18. Nc7 Bxh3 19. gxh3 Rc8 20. Qxd6 Rg5 21. Bg2
Rxg2 22. Kxg2 Nf4+ 23. Kf1 Qxh3+ 24. Kf2 Qh2+ 25. Ke3 Ng2+ 26. Kd3 Qxd6+ 27. Kc3
Rxc7 28. Red1 Qe5+ 29. Kb3 Ne3 30. Rd3 Ng2 31. Rad1 Nf4 32. Rd8+ Kg7 33. Kc2 Qc5
34. b3 b5 35. R1d4 bxc4 36. b4 Qxb4 37. Rd1 Rb7 38. R1d3 0-1

[Event "Titled Tue 20th May Early"]
[Site "chess.com INT"]
[Date "2025.05.20"]
[Round "11"]
[White "Aravindh, Chithambaram VR."]
[Black "Sahib, Singh"]
[Result "1-0"]
[WhiteTitle "GM"]
[BlackTitle "FM"]
[WhiteElo "2749"]
[BlackElo "2416"]
[WhiteFideId "5072786"]
[BlackFideId "25618342"]
[EventDate "2025.05.20"]

1. b3 e5 2. Bb2 Nc6 3. e3 Nf6 4. Nc3 d5 5. Bb5 Bd6 6. Nf3 O-O 7. Bxc6 bxc6 8. d4
e4 9. Ne5 c5 10. Nb5 cxd4 11. exd4 Qe8 12. c4 Ba6 13. a4 Bxb5 14. axb5 Bb4+ 15.
Kf1 Nd7 16. Nc6 Bd6 17. c5 Bf4 18. Rxa7 Rxa7 19. Nxa7 Qb8 20. Qa1 e3 21. fxe3
Bxe3 22. Ke2 Re8 23. Kd3 c6 24. Re1 Qf4 25. Nxc6 Qe4+ 26. Kc3 Nxc5 27. dxc5 d4+
28. Kc4 Qe6+ 29. Kb4 Bd2+ 30. Bc3 dxc3 31. Rxe6 c2+ 32. Kc4 fxe6 33. b6 c1=Q+
34. Qxc1 Bxc1 35. g3 Be3 36. b7 Bg1 37. Ne7+ Rxe7 38. b8=Q+ Kf7 39. Qf4+ Ke8 40.
Qb8+ Kf7 41. c6 Bxh2 42. Qf4+ Ke8 43. Qf2 1-0

[Event "Titled Tue 20th May Early"]
[Site "chess.com INT"]
[Date "2025.05.20"]
[Round "11"]
[White "Emeliantsev, Anatoliy"]
[Black "Sitnic, Adnan"]
[Result "0-1"]
[WhiteTitle "FM"]
[BlackTitle "CM"]
[WhiteElo "2359"]
[BlackElo "2105"]
[WhiteFideId "4160681"]
[BlackFideId "14403854"]
[EventDate "2025.05.20"]

1. d4 Nf6 2. c4 e6 3. Nc3 Bb4 4. a3 Bxc3+ 5. bxc3 c5 6. e3 d6 7. e4 Nxe4 8. Qg4
f5 9. Qxg7 Qf6 10. Qc7 O-O 11. Bd3 Nxc3 12. Nf3 Nc6 13. Qxd6 Nxd4 14. Qxc5 Nxf3+
15. gxf3 Na4 16. Rg1+ Kf7 17. Qc7+ Ke8 18. Rb1 Qc3+ 19. Ke2 Qd4 20. Bg5 Nc3+ 21.
Ke1 Bd7 22. Rxb7 Qxd3 23. Rb8+ Rxb8 24. Qxb8+ Kf7 0-1

[Event "Titled Tue 20th May Early"]
[Site "chess.com INT"]
[Date "2025.05.20"]
[Round "11"]
[White "Malyshev, Vasilij"]
[Black "Bratovic, Blaz"]
[Result "1/2-1/2"]
[WhiteTitle "IM"]
[BlackTitle "IM"]
[WhiteElo "2353"]
[BlackElo "2319"]
[WhiteFideId "4105346"]
[BlackFideId "14603551"]
[EventDate "2025.05.20"]

1. d4 f5 2. Nf3 Nf6 3. g3 e6 4. Bg2 d5 5. O-O Bd6 6. c4 c6 7. Nc3 O-O 8. Qc2 Qe7
9. Rb1 b6 10. a3 Bb7 11. Ne5 Nbd7 12. Bf4 Ne4 13. b4 g5 14. Nxd7 Qxd7 15. Nxe4
gxf4 16. Nxd6 Qxd6 17. c5 Qc7 18. Qd2 e5 19. dxe5 Qxe5 20. Qxf4 Qxf4 21. gxf4
Kf7 22. Rbc1 b5 23. Rfd1 a5 24. Rd3 axb4 25. axb4 Ra4 26. Rb1 Rfa8 27. Rh3 Kg6
28. Re3 Kf6 29. Bh3 Ra3 30. Rxa3 Rxa3 31. e3 Bc8 32. Bg2 Be6 33. Bf3 Bf7 34. Kg2
Ra2 35. Kg3 Ra3 36. Bd1 d4 37. Bf3 dxe3 38. fxe3 Rxe3 39. Kf2 Re6 40. Re1 Rxe1
41. Kxe1 Be8 42. Kd2 Ke6 43. Kc3 Kf6 44. Kd4 Ke6 45. Bd1 Kf6 46. Bb3 h6 47. Bd1
Bf7 48. Bf3 Be8 49. Bg2 Bd7 50. Bf3 Be8 51. Be2 Bd7 52. Bf3 Be8 1/2-1/2

[Event "Titled Tue 20th May Early"]
[Site "chess.com INT"]
[Date "2025.05.20"]
[Round "11"]
[White "Timofeev, Artyom"]
[Black "Puzyrevsky, Semyon"]
[Result "1/2-1/2"]
[WhiteTitle "GM"]
[BlackTitle "FM"]
[WhiteElo "2548"]
[BlackElo "2253"]
[WhiteFideId "4140419"]
[BlackFideId "24240931"]
[EventDate "2025.05.20"]

1. c4 e5 2. d3 Nf6 3. Bg5 c6 4. Nf3 Be7 5. Nc3 h6 6. Bxf6 Bxf6 7. e4 O-O 8. g3
d6 9. Bg2 Be6 10. O-O Nd7 11. b3 a5 12. d4 exd4 13. Nxd4 Nc5 14. Qd2 a4 15. Nxe6
Nxe6 16. b4 Qb6 17. Rab1 Qd4 18. Qxd4 Nxd4 19. Rfd1 a3 20. f4 Rfe8 21. Kf2 Rad8
22. b5 Ne6 23. Na4 Bd4+ 24. Kf1 Ra8 25. f5 Rxa4 26. fxe6 c5 27. exf7+ Kxf7 28.
e5 b6 29. exd6 Rd8 30. Bd5+ Kg6 31. Kg2 Rxd6 32. Rf1 Rf6 33. Be4+ Kf7 34. Bd5+
Kf8 35. Rxf6+ Bxf6 36. Rb3 Bd4 37. Kf3 Ke7 38. h4 Kd6 39. h5 Ra7 40. Kg4 Bb2 41.
Re3 Re7 42. Rxe7 Kxe7 43. Kf5 1/2-1/2

[Event "Titled Tue 20th May Early"]
[Site "chess.com INT"]
[Date "2025.05.20"]
[Round "11"]
[White "Aranda, Juan Manuel"]
[Black "Garcia Correa, Jose Ricardo"]
[Result "0-1"]
[WhiteTitle "CM"]
[BlackTitle "FM"]
[WhiteElo "2134"]
[BlackElo "2103"]
[WhiteFideId "160458"]
[BlackFideId "5101832"]
[EventDate "2025.05.20"]

1. Nf3 Nf6 2. g3 c6 3. Bg2 d5 4. O-O Bf5 5. d3 h6 6. c4 dxc4 7. dxc4 Qxd1 8.
Rxd1 Nbd7 9. Nc3 e6 10. Bf4 O-O-O 11. h4 Bc5 12. a3 Ng4 13. e3 e5 14. b4 Bb6 15.
c5 Bc7 16. e4 exf4 17. exf5 fxg3 18. fxg3 Bxg3 19. Ne4 Bf4 20. Nd6+ Bxd6 21.
Rxd6 Nde5 22. Rad1 Nc4 23. R6d4 Nge3 24. R1d3 Nxg2 25. Kxg2 Ne3+ 26. Kf2 Nxf5
27. Rxd8+ Rxd8 28. Rxd8+ Kxd8 29. h5 Ke7 30. a4 Ke6 31. Ne1 g6 32. Kf3 Kd5 33.
Nd3 gxh5 34. Kf4 Ne7 0-1

[Event "Titled Tue 20th May Early"]
[Site "chess.com INT"]
[Date "2025.05.20"]
[Round "11"]
[White "Iljin, Timofey"]
[Black "Maycock Bates, David Henry"]
[Result "1-0"]
[WhiteTitle "IM"]
[BlackTitle "CM"]
[WhiteElo "2242"]
[BlackElo "2274"]
[WhiteFideId "14110180"]
[BlackFideId "5142547"]
[EventDate "2025.05.20"]

1. e4 e5 2. d4 exd4 3. f4 d5 4. Nd2 dxe4 5. Nxe4 Nf6 6. Bd3 Bb4+ 7. Bd2 Qe7 8.
Qe2 Nxe4 9. Bxe4 Bxd2+ 10. Kxd2 Qb4+ 11. Kc1 O-O 12. Nf3 Nc6 13. Ng5 h6 14. h4
Qd6 15. g3 Bd7 16. Qh5 Rae8 17. Rf1 f5 18. Bd3 hxg5 19. hxg5 Nb4 20. Bc4+ Be6
21. g6 Rf6 22. Rh1 Kf8 23. Qh8+ Ke7 24. Qxg7+ Kd8 25. Qxf6+ Qe7 26. Qxe7+ Rxe7
27. Bxe6 Rxe6 28. g7 Rg6 29. Rh8+ Kd7 30. g8=Q Rxg8 31. Rxg8 d3 32. cxd3 Nxd3+
33. Kc2 Nc5 34. Rd1+ 1-0

[Event "Titled Tue 20th May Early"]
[Site "chess.com INT"]
[Date "2025.05.20"]
[Round "11"]
[White "Ocampos, Ian"]
[Black "Chiang, Jacob"]
[Result "0-1"]
[WhiteElo "2219"]
[BlackElo "2006"]
[WhiteFideId "117544"]
[BlackFideId "30962331"]
[EventDate "2025.05.20"]

1. e4 c5 2. d4 cxd4 3. c3 dxc3 4. Nxc3 e6 5. Bc4 Nc6 6. Nf3 a6 7. O-O b5 8. Bd3
Bb7 9. Qe2 Nge7 10. Bf4 Ng6 11. Bg3 Be7 12. Rfd1 O-O 13. Rac1 f6 14. h4 Nh8 15.
h5 Nf7 16. Bb1 Rc8 17. Rd2 b4 18. Na4 Nd4 19. Qd1 Rxc1 20. Qxc1 Nxf3+ 21. gxf3
Ne5 22. Kg2 Bc6 23. Nc5 Qb6 24. Bxe5 Qxc5 25. Qxc5 Bxc5 26. Bd6 Bxd6 27. Rxd6
Kf7 28. Bd3 Ke7 29. Rd4 a5 30. Kg3 Rb8 31. Bc4 h6 32. f4 e5 33. Rd2 Bxe4 34. Re2
d5 35. fxe5 fxe5 36. f3 dxc4 37. Rxe4 c3 38. bxc3 bxc3 39. Rc4 Rb2 40. Rxc3 Rxa2
41. Rc7+ Kf6 42. Rc6+ Kg5 43. Rg6+ Kxh5 44. Rxg7 Rc2 45. Ra7 Rc5 46. Ra6 Kg5 47.
Re6 h5 48. Ra6 h4+ 49. Kh3 Rd5 50. Re6 a4 51. Ra6 Rd4 52. Ra5 Kf4 53. Kxh4 Kxf3+
54. Kg5 e4 55. Rf5+ Ke2 56. Kf4 e3+ 57. Kg3 a3 58. Ra5 Rd3 59. Kg2 Kd2 0-1

[Event "Titled Tue 20th May Early"]
[Site "chess.com INT"]
[Date "2025.05.20"]
[Round "11"]
[White "Suvradeepta, Das"]
[Black "Yanev, Tihomir"]
[Result "0-1"]
[WhiteTitle "FM"]
[BlackTitle "IM"]
[WhiteElo "2254"]
[BlackElo "2354"]
[WhiteFideId "5058031"]
[BlackFideId "2910110"]
[EventDate "2025.05.20"]

1. d4 d5 2. Nf3 Nf6 3. Bf4 c6 4. e3 Bf5 5. Nc3 Nbd7 6. h3 e6 7. Nh4 Bg6 8. Nxg6
hxg6 9. Be2 Bb4 10. a3 Ba5 11. b4 Bc7 12. Bxc7 Qxc7 13. Bf3 e5 14. Be2 e4 15.
Nb1 a5 16. Nd2 axb4 17. axb4 O-O 18. O-O b5 19. Nb3 Nb6 20. Ra5 Nc4 21. Ra1 Nd7
22. Bxc4 bxc4 23. Nc5 Nxc5 24. dxc5 Qe5 25. Qd4 Qxd4 26. exd4 f5 27. h4 f4 28.
Rfe1 Kf7 29. Kf1 g5 30. hxg5 Kg6 31. Ke2 Kxg5 32. Reb1 f3+ 33. gxf3 exf3+ 34.
Kd2 Rae8 35. Re1 Kf4 36. Ra7 Rxe1 37. Kxe1 Re8+ 38. Kf1 g5 39. Rc7 Re6 40. Rf7+
Ke4 41. c3 g4 42. Rg7 Kd3 43. Rxg4 Kxc3 44. Rg3 Kxb4 45. Rxf3 c3 0-1

[Event "Titled Tue 20th May Early"]
[Site "chess.com INT"]
[Date "2025.05.20"]
[Round "11"]
[White "Herrera Ortiz, Miguel"]
[Black "Csonka, Balazs"]
[Result "0-1"]
[WhiteTitle "IM"]
[BlackTitle "IM"]
[WhiteElo "2174"]
[BlackElo "2469"]
[WhiteFideId "5100550"]
[BlackFideId "742910"]
[EventDate "2025.05.20"]

1. c4 Nf6 2. Nc3 e6 3. d4 d5 4. cxd5 Nxd5 5. e4 Nxc3 6. bxc3 c5 7. Nf3 cxd4 8.
cxd4 Bb4+ 9. Bd2 Bxd2+ 10. Qxd2 O-O 11. Bc4 Nd7 12. O-O b6 13. Rfe1 Bb7 14. Rad1
Rc8 15. Bd3 h6 16. h4 Qc7 17. Bb1 Rfd8 18. d5 exd5 19. e5 d4 20. Qd3 Nf8 21.
Nxd4 Rd5 22. Qe3 Rcd8 23. Be4 Rxe5 24. Qf4 Bxe4 25. Rxe4 Re7 26. Qe3 Rxe4 27.
Qxe4 Ne6 28. Rd2 Qc1+ 29. Kh2 Qxd2 30. Nxe6 fxe6 31. Qxe6+ Kh8 0-1

[Event "Titled Tue 20th May Early"]
[Site "chess.com INT"]
[Date "2025.05.20"]
[Round "11"]
[White "Goryachkina, Aleksandra"]
[Black "Shubenkova, Veronika"]
[Result "1/2-1/2"]
[WhiteTitle "GM"]
[BlackTitle "WFM"]
[WhiteElo "2544"]
[BlackElo "2024"]
[WhiteFideId "4147103"]
[BlackFideId "44124040"]
[EventDate "2025.05.20"]

1. c4 c6 2. Nf3 d6 3. Nc3 Qc7 4. d4 e5 5. e4 Nf6 6. Be2 g6 7. O-O Bg7 8. h3 O-O
9. Be3 Nbd7 10. Re1 Re8 11. Bf1 exd4 12. Bxd4 Ne5 13. Nxe5 dxe5 14. Be3 Be6 15.
c5 Rad8 16. Qa4 a6 17. Bc4 Nd7 18. Bxe6 Rxe6 19. Qc4 Ree8 20. b4 Nf8 21. a4 Ne6
22. b5 axb5 23. axb5 Nd4 24. b6 Qe7 25. Ne2 Nxe2+ 26. Rxe2 Rd7 27. Rea2 Red8 28.
Ra8 h6 29. Rxd8+ Rxd8 30. Kh2 Kh7 31. Ra7 Bf6 32. g3 Kg7 33. Kg2 Rd7 34. Ra8 Rd8
35. Ra7 Rd7 36. Ra8 Rd8 37. Ra7 1/2-1/2

[Event "Titled Tue 20th May Early"]
[Site "chess.com INT"]
[Date "2025.05.20"]
[Round "11"]
[White "Rozman, Levy"]
[Black "Wijerathna, Vinuka Dihain"]
[Result "1-0"]
[WhiteTitle "IM"]
[BlackTitle "CM"]
[WhiteElo "2324"]
[BlackElo "2063"]
[WhiteFideId "2039877"]
[BlackFideId "29981905"]
[EventDate "2025.05.20"]

1. Na3 d5 2. c3 Nf6 3. d4 e6 4. Nf3 Bxa3 5. Qa4+ c6 6. Qxa3 Qe7 7. Qxe7+ Kxe7 8.
b3 Nbd7 9. Ba3+ Ke8 10. e3 Ne4 11. c4 b6 12. Bd3 Nef6 13. g4 Bb7 14. g5 Ne4 15.
h4 c5 16. Rg1 Rc8 17. Bxe4 dxe4 18. Nd2 Ke7 19. b4 cxd4 20. b5+ Ke8 21. exd4 g6
22. Rc1 h5 23. Bd6 e5 24. c5 Bd5 25. c6 exd4 26. Ke2 Nf8 27. Be5 Rg8 28. Bxd4
Ne6 29. Bf6 a6 30. a4 Nc5 31. Rxc5 bxc5 32. Rc1 axb5 33. axb5 c4 34. Nxc4 Rb8
35. Nd6+ Kf8 36. c7 1-0